Name the Snippets of Football/Soccer Logos - Statistics

General Stats
  • This quiz has been taken 18 times
  • The average score is 8 of 12
Answer Stats
Picture Answer % Correct
Chelsea
100%
Celtic
79%
Manchester United
79%
PSG
79%
Real Madrid
71%
Barcelona
64%
Liverpool
64%
Ajax
57%
Arsenal
57%
Bayern
57%
Wolverhampton
43%
Juventes
0%
No matching quizzes found
Score Distribution
Percent of People with Each Score
Percentile by Number Answered
Your Score History
You have not taken this quiz